000 00503cam a2200181 4500
001 D1090
008 090401t1985 xxu||||| |||| 00| 0 eng d
035 _a(Sirsi) u62507
041 _aeng
050 _a549.66
110 _aAssociation of Metropolitan Authorities
_91383
245 _aAsbestos. Part 1: policy and practice in local authorities
260 _aLondon
_bAssociation of Metropolitan Authorities
_c1985
300 _a120p. ill. 30cm
350 _a10
942 _n0
948 _c04/03/1997
999 _c94426
_d94426